000 00296nam a2200121Ia 4500
008 190216s9999||||xx |||||||||||||| ||und||
100 _aAnniah Gowda
245 4 _aThe Revival Of English Poetic Drama
260 _bOrient Longman
_c1972
300 _a367p
650 _aEnglish Drama
942 _cBK
999 _c12867
_d12867